000 00694nam a22002057a 4500
999 _c167573
_d167573
005 20190912144832.0
010 _aENG-126457
020 _c234.00
_a978-93-83640-88-1
035 _aEN-109989
037 _bDBAD/PUB
082 _a005.74
100 _aMurali,D
245 _aDatabase Management Systems(RDBMS)/
_cby D.Murali,B.Ramaganesh [and] K.Sowmya
260 _aHyderabad
_bSpecturm University
_c2018
270 _bHyderabad
_a#326/C,1st Floor,Surneni Nilayam Near B K Guda Park,S R Nagar
_e500038
_k++91 40 23710657,238000657
_l+91 40 23810657
300 _a284p.
_c24cm(pbk)
_bill
700 _aRamganesh,B
700 _aSowmya,K
942 _2ddc
_cEN
_h005.74
_mMUR